| 000 | 00431nam a2200145Ia 4500 | ||
|---|---|---|---|
| 003 | SGT | ||
| 082 |
_a4 _bKUM |
||
| 100 | _aKumar,D | ||
| 245 | _aResearch methodlogy | ||
| 260 |
_bLakshmi Narain Agarwal _aAgra _c1993 |
||
| 300 | _a316p. | ||
| 650 | _aCOMPUTE SCIENCE | ||
| 653 | _aTHE HYPOTHESIS, SEMPLING AND SYNOPSIS, DATA COLLECTION, SURVEY OF RELATED STUDIES, TOOLS OF RESEARCH, OBSERVATION, CASE STUDY METHOD | ||
| 942 |
_2ddc _cBK |
||
| 999 |
_c5665 _d5665 |
||